Jičínsko na historických pohlednicích : ze sbírky Regionálního muzea a galerie v Jičíně /

Hlavní autor: Brokešová, Gabriela
Jazyk: Čeština
Vydáno: V Jičíně : Regionální muzeum a galerie, 2020
Témata:
Fyzický popis: 216 stran : ilustrace (převážně barevné), faksimile ; 21 cm
Knihy
Uloženo v:
LEADER 01891nam a2200493 i 4500
001 nkc20213328622
003 CZ PrNK
005 20250909151434.0
007 ta
008 210617s2020 xr ah e 000 0 cze
015 |a cnb003328622 
020 |a 978-80-87486-17-7  |q (brožováno) 
035 |a (OCoLC)1267679943 
040 |a BOA001  |b cze  |d ABA001  |e rda 
043 |a e-xr---  |b e-xr-kr  |2 czenas 
072 7 |a 94(437)  |x Dějiny Česka a Slovenska  |2 Konspekt  |9 8 
080 |a 655.3.066.32:94  |2 MRF 
080 |a 069.5  |2 MRF 
080 |a 94(437.313)  |2 MRF 
080 |a (084.11)  |2 MRF 
100 1 |a Brokešová, Gabriela  |7 hka20191025406  |4 aut 
245 1 0 |a Jičínsko na historických pohlednicích :  |b ze sbírky Regionálního muzea a galerie v Jičíně /  |c text: Gabriela Brokešová 
246 3 0 |a Jičínsko 
264 1 |a V Jičíně :  |b Regionální muzeum a galerie,  |c 2020 
300 |a 216 stran :  |b ilustrace (převážně barevné), faksimile ;  |c 21 cm 
336 |a text  |b txt  |2 rdacontent 
336 |a statický obraz  |b sti  |2 rdacontent 
337 |a bez média  |b n  |2 rdamedia 
338 |a svazek  |b nc  |2 rdacarrier 
500 |a 200 výtisků 
610 2 7 |a Regionální muzeum a galerie (Jičín, Česko)  |7 kn20050405009  |2 czenas 
650 0 7 |a historické pohlednice  |7 ph135160  |z Česko  |2 czenas 
650 0 7 |a muzejní sbírky  |7 ph137908  |z Česko  |2 czenas 
650 0 9 |a historical postcards  |z Czechia  |2 eczenas 
650 0 9 |a museum collections  |z Czechia  |2 eczenas 
651 7 |a Jičín (Česko : oblast)  |7 ge129491  |x dějiny  |2 czenas 
651 9 |a Jičín Region (Czechia)  |x history  |2 eczenas 
655 7 |a obrazové publikace  |7 fd132947  |2 czenas 
655 9 |a pictorial works  |2 eczenas 
910 2 |a BOA001  |b 2-1466.556 
990 |a BK 
995 |a 01 
991 |b 202107  |c NOV 
996 6 |b 2610871278  |c 2-1466.556  |l MZK  |r Sklad / do 1 hodiny  |n 0  |p p.v.  |w 001857018  |u 000010  |a 1  |e BOA001  |j MZK50  |s P